| 000 | 00378nam a2200133Ia 4500 | ||
|---|---|---|---|
| 008 | 220204s9999 xx 000 0 und d | ||
| 082 |
_a67:62(038) _bTVE |
||
| 100 | _aBolz, Roger William | ||
| 245 | 0 | _aEncyclopedic dictionary of industrial technology | |
| 260 |
_aNew York _bChapman and Hall _c1984 |
||
| 650 | _aIndustrial technology | ||
| 700 | _aTver, David F | ||
| 942 | _cBK | ||
| 999 |
_c38846 _d38846 |
||